| 000 | 00784nam a2200229 ar4500 | ||
|---|---|---|---|
| 001 | 3035 | ||
| 005 | 20221127090648.0 | ||
| 008 | 121231s xxk 0001f|eng d | ||
| 020 |
_a9780552775021(pbk) : _cSR00.00 |
||
| 082 | 0 | 4 |
_a839.818 _bB534 2009 |
| 100 | 1 | _aBirkegaard, Mikkel. | |
| 245 | 1 | 4 |
_aThe library of shadows / _cMikkel Birkegaard ; translated from the Danish by Tiina Nunnally. |
| 260 |
_aLondon : _bBlack Swan, _c2009. |
||
| 300 |
_a430 p. ; _c20 cm. |
||
| 500 | _aPrev. ed. : 2008. | ||
| 650 | 4 | _aDetective and mystery stories. | |
| 650 | 4 |
_aDanish fiction _xTranslations into English. |
|
| 650 | 4 |
_aDanish literature _y21st century. |
|
| 650 | 4 |
_aEnglish fiction _xForeign countries. |
|
| 650 | 4 |
_aMurder _zDenmark _vFiction. |
|
| 700 | 0 |
_aTunnally, Tiina, _etranslator. |
|
| 999 |
_c3033 _d3033 |
||